Liste des 23 - Equipe de France - Coupe du monde 2006 - Statistiques

Statistiques générales
  • Ce quiz a été pris 1 312 fois
  • Le résultat moyen est 17 sur 24
Statistiques - réponses
Poste Numéro Joueurs Club % Correct
G 16 Fabien Barthez Olympique de Marseille
98%
MOC 10 Zinédine Zidane Real Madrid CF
98%
BU 12 Thierry Henry Arsenal FC
97%
BU 20 David Trezeguet Juventus Turin
93%
MG 22 Franck Ribéry Olympique de Marseille
93%
G 23 Grégory Coupet Olympique lyonnais
89%
DC 15 Lilian Thuram Juventus Turin
89%
MDC 4 Patrick Vieira Juventus Turin
89%
MDC 6 Claude Makélélé Chelsea FC
87%
DD 19 Willy Sagnol Bayern Munich
82%
SEL / Raymond Domenech /
79%
MG 7 Florent Malouda Olympique lyonnais
78%
G 1 Mickaël Landreau FC Nantes
78%
DC 5 William Gallas Chelsea FC
75%
DG 3 Éric Abidal Olympique lyonnais
72%
MOC 9 Sidney Govou Olympique lyonnais
69%
AT 11 Sylvain Wiltord Olympique lyonnais
63%
AT 14 Louis Saha Manchester United
53%
MC 18 Alou Diarra RC Lens
48%
DC 13 Mikaël Silvestre Manchester United
45%
MC 8 Vikash Dhorasoo Paris SG
41%
DC 2 Jean-Alain Boumsong Newcastle United
40%
DG 21 Pascal Chimbonda Wigan Athletic
39%
DC 17 Gaël Givet AS Monaco
37%
Aucun quiz correspondant
Distribution des résultats
% des personnes avec chaque résultat
Percentile par nombre de réponses
Votre historique - résultats
Vous n’avez pas pris ce quiz